000 00920nam a2200217Ia 4500
999 _c40198
_d40198
001 6805
003 GE_BSU
005 20190514141909.0
008 181216s1982||||ge |||||||||||||| ||geo||
040 _cGE_BSU
041 _ageo
080 _a625.1 + 626/627 მ-82
100 _aმოწონელიძე, ნ.
_91084
245 _aჰიდროტექნიკური ნაგებობები ნაწ.II :
_bსახელმძღვ. /
_cნ. მოწონელიძე ; რედ. მ.ღუდუშაური.
264 _aთბილისი :
_bგანათლება,
_c1982.
300 _a375 გვ. :
_bილ. ;
_c27 სმ.
504 _aბიბლიოგრ. : გვ.372.
653 _aჰიდროტექნიკური ნაგებობები
700 _aღუდუშაური, მ.
_eრედაქტორი
_91085
942 _cBK
_2udc